01184nam a2200193Ia 4500001001100000003001000011008004100021040002500062041001300087100002300100245009300123250001100216260006000227300002700287500026400314501011400578520026400692650003400956L240-12268IT-CnALBA170116s9999||||xx |||||||||||||| ||und|| aIT-CnALBAcIT-CnALBA aITALIANO aNENO P. TOBIA, SJ. 0aLA MONACA ESERCITANTE. ESERCIZI SPIRITUALI PER MONACHE SECONDO IL METODO DI S. IGNAZIO.  a2a ed. a TORINO - ROMAbMARIETTI EDITORE c1940 [1° Ed.: n.d.] a843 p. (prefazione: 5) aDONO DI D. CHIAVARINO SSP. INDICE ANALITICO. FINE DELL'UOMO E DELLE CREATURE. I TRE PECCATI. INFERNO. MORTE REGNO DI CRISTO. RITIRO DI MARIA PER QUARANTA GIORNI. UBBIDIENZA DI GESÙ A NAZARETH. PASSIONE MORTE E RISURREZIONE DI GESÙ. APPARIZIONE ALLA MADDAL aSocietà San Paolo EM - Piazza San Paolo, 14 - 12051 ALBA (CN) (non commercial uses only) ® Copyright 2017 aDONO DI D. CHIAVARINO SSP. INDICE ANALITICO. FINE DELL'UOMO E DELLE CREATURE. I TRE PECCATI. INFERNO. MORTE REGNO DI CRISTO. RITIRO DI MARIA PER QUARANTA GIORNI. UBBIDIENZA DI GESÙ A NAZARETH. PASSIONE MORTE E RISURREZIONE DI GESÙ. APPARIZIONE ALLA MADDAL aTEOLOGIA SPIRITUALE CRISTIANA